Enlevé! (Record no. 147969)

MARC details
000 -LEADER
campo de control de longitud fija 00759nam a2200205 4500
001 - NÚMERO DE CONTROL
campo de control 147969
003 - IDENTIFICADOR DE NÚMERO DE CONTROL
campo de control ES-MaACL
005 - FECHA Y HORA DE LA ÚLTIMA TRANSACCIÓN
campo de control 20240516063059.0
007 - CAMPO FIJO DE DESCRIPCIÓN FÍSICA--INFORMACIÓN GENERAL
campo de control de longitud fija t|
008 - DATOS DE LONGITUD FIJA--INFORMACIÓN GENERAL
campo de control de longitud fija 070214s1922 fr r ||||1| fre d
100 0# - ENTRADA PRINCIPAL--NOMBRE DE PERSONA
Nombre de persona Stevenson, Robert Louis,
Fechas asociadas al nombre 1850-1894
9 (RLIN) 108169
245 10 - MENCIÓN DEL TÍTULO
Título Enlevé!
Resto del título : mémoire relatant les aventures de David Balfour en l'an 1751 /
Mención de responsabilidad, etc. Robert L. Stevenson ; traduction et préface d'Albert Savine.
260 ## - PUBLICACIÓN, DISTRIBUCIÓN, ETC.
Lugar de publicación, distribución, etc. Paris :
Nombre del editor, distribuidor, etc. Libraire Stock,
Fecha de publicación, distribución, etc. 1922 (
Lugar de fabricación/manufactura Saint-Amand :
Fabricante Imp. Bussière)
300 ## - DESCRIPCIÓN FÍSICA
Extensión LXXVI, 124 p. ;
Dimensiones 19 cm.
490 1# - MENCIÓN DE SERIE
Mención de serie Bibliothèque cosmopolite ;
Designación de volumen o secuencia 16
710 2# - ENTRADA AGREGADA--NOMBRE DE ENTIDAD CORPORATIVA
Nombre de entidad corporativa o nombre de jurisdicción como elemento de entrada Savine, Albert.
9 (RLIN) 6509
830 0# - PUNTO DE ACCESO ADICIONAL DE SERIE-TÍTULO UNIFORME
Título uniforme Bibliothèque cosmopolite ;
Designación de volumen o secuencia 16
9 (RLIN) 181494
852 ## - LOCALIZACIÓN
Ubicación ES-MaACL
Número de control de estantería G-3401
Holdings
Estatus retirado Estado de pérdida Estado de daño No para préstamo Biblioteca de origen Biblioteca actual Ubicación en estantería Fecha de adquisición Fuente de adquisición Total de préstamos Signatura topográfica completa Código de barras Visto por última vez Precio de reemplazo Tipo de ítem Koha
        Biblioteca del Ateneo de Madrid Biblioteca del Ateneo de Madrid Depósito 2 17/01/2008     G-3401 1154423 23/02/2023 23/02/2023 Libro impreso